000 00388nam a2200121Ia 4500
008 220615s9999||||xx |||||||||||||| ||und||
245 0 _aCellulose
546 _aEnglish[eng]
650 _aPolymer chemistry
700 _aRodríguez Pascual, Alejandro||Eugenio Martín, María E.
856 _uhttps://mts.intechopen.com/storage/books/7363/authors_book/authors_book.pdf
942 _cEB
999 _c17119
_d17119